000 00985nas a2200313 4500
001 BR2018002269
003 BR-BrBNA
005 20231205131447.0
007 ta
008 230509b bl.|||p| |||| 00| 00por d
040 _aBR-BrBNA
_bpor
_cBiblioteca Nacional de Agricultura
041 _a(Pt)
072 _aP34
100 1 _aSantos, J.F. dos
100 1 _aSacramento, B.L. do
100 1 _aMota, K.N.A.B.
100 1 _aSouza, J.T. de
100 1 _aAzevedo Neto, A.D. de
245 1 _aCrescimento de girassol em função da inoculação de sementes com bactérias endofíticas
650 _aGIRASSOL
650 _aNUTRIENTE MINERAL
650 _aINOCULAÇÃO
650 _aSOLO
650 _aPRODUTIVIDADE
773 0 _tPesquisa Agropecuária Tropical (Brazil)
_xISSN 1983-4063
_g(Apr-Jun 2014), v. 44(2) p. 142-150
_wBR2018002269
856 4 0 _uhttp://www.scielo.br/pdf/pat/v44n2/v44n2a08.pdf
909 _a202311
_bLúcia
_c55
_dLúcia Elande
942 _2AGRIS
_n0
_cANA
999 _c254954
_d254954